| 000 | 00315nam a2200121Ia 4500 | ||
|---|---|---|---|
| 008 | 230907s9999||||xx |||||||||||||| ||und|| | ||
| 082 |
_a621.31042 _bMOH |
||
| 100 |
_aMohan, Ned. _968672 |
||
| 245 | 0 | _aElectric machines and drives : | |
| 260 |
_aWiley, _bHoboken, NJ : _c2012 |
||
| 300 | _axi, 276 p. : | ||
| 942 | _cBK | ||
| 999 |
_c597924 _d597924 |
||